Statistics for behavioural and social sciences / (Record no. 11112)

MARC details
000 -LEADER
fixed length control field 00998cam a2200277 i 4500
005 - DATE AND TIME OF LATEST TRANSACTION
control field 20260515114858.0
008 - FIXED-LENGTH DATA ELEMENTS--GENERAL INFORMATION
fixed length control field 150828s2016 cau b 001 0 eng
020 ## - INTERNATIONAL STANDARD BOOK NUMBER
International Standard Book Number 9789351501817
040 ## - CATALOGING SOURCE
Original cataloging agency DLC
Language of cataloging eng
Transcribing agency DLC
Description conventions rda
Modifying agency DLC
041 ## - LANGUAGE CODE
Language code of sung or spoken text eng
082 00 - DEWEY DECIMAL CLASSIFICATION NUMBER
Classification number 519.5
Edition information 23
Item number MOH
100 1# - MAIN ENTRY--PERSONAL NAME
Personal name Mohanty, Banamali,
Relator term author
245 10 - TITLE STATEMENT
Title Statistics for behavioural and social sciences /
Statement of responsibility, etc. by Banamali Mohanty, Santa Misra.
250 ## - EDITION STATEMENT
Edition statement 1st ed.
260 ## - PUBLICATION, DISTRIBUTION, ETC.
Place of publication, distribution, etc. New Delhi:
Name of publisher, distributor, etc. Sage,
Date of publication, distribution, etc. 2016
300 ## - PHYSICAL DESCRIPTION
Extent xviii, 895 pages ;
Dimensions 24 cm
336 ## - CONTENT TYPE
Content type term text
Source rdacontent
337 ## - MEDIA TYPE
Media type term unmediated
Source rdamedia
338 ## - CARRIER TYPE
Carrier type term volume
Source rdacarrier
504 ## - BIBLIOGRAPHY, ETC. NOTE
Bibliography, etc. note Includes bibliographical references and index.
650 #0 - SUBJECT ADDED ENTRY--TOPICAL TERM
Topical term or geographic name entry element Statistical mathematics
700 1# - ADDED ENTRY--PERSONAL NAME
Personal name Misra, Santa,
Relator term author
906 ## - LOCAL DATA ELEMENT F, LDF (RLIN)
a 7
b cbc
c orignew
d 1
e ecip
f 20
g y-gencatlg
942 ## - ADDED ENTRY ELEMENTS (KOHA)
Source of classification or shelving scheme Dewey Decimal Classification
Koha item type Books
Holdings
Withdrawn status Lost status Source of classification or shelving scheme Damaged status Not for loan Collection Home library Current library Shelving location Date acquired Cost, normal purchase price Total checkouts Full call number Barcode Date last seen Copy number Price effective from Koha item type
    Dewey Decimal Classification       Naharkatiya College Library Naharkatiya College Library General stacks 12/22/2020 650.00   519.5 MOH 27315 12/22/2020 1 12/22/2020 Books